Dolnośląskie Kody pocztowe (Bez Wrocławia) - Statystyki

Ogólne statystyki
  • Ten quiz został rozwiązany 33 razy
  • Średni wynik to 13 z 27
Statystyki odpowiedzi
Miasto Kod % Poprawnych
Kłodzko 57-300
62%
Bolesławiec 59-700
62%
Lubań 59-800
62%
Lubin 59-300
57%
Oława 55-200
52%
Oleśnica 56-400
52%
Nowa Ruda 57-400
52%
Świdnica 58-100
52%
Dzierżoniów 58-200
52%
Wałbrzych 58-300
52%
Polkowice 59-100
52%
Legnica 59-200
52%
Lwówek Śląski 59-600
52%
Środa Śląska 55-300
48%
Góra 56-200
48%
Milicz 56-300
48%
Strzelin 57-100
48%
Ząbkowice Śląskie 57-200
48%
Bystrzyca Kłodzka 57-500
48%
Jelenia Góra 58-500
48%
Jawor 59-400
48%
Złotoryja 59-500
48%
Zgorzelec 59-900
48%
Kamienna Góra 58-400
43%
Trzebnica 55-100
38%
Wołów 56-100
38%
Syców 56-500
38%
Nie znaleziono quizów pasujących do podanych kryteriów
Rozkład punktacji
Procent ludzi z każdym wynikiem
Percentyl według liczby udzielonych odpowiedzi
Twoja historia wyników
Nie rozwiązałeś tego quizu